Biggest 'D' Cities by Country - Statistics

General Stats
  • This quiz has been taken 312 times
    232 since last reset
  • The average score is 14 of 20
Answer Stats
Population Country City % Correct
1,110,627 Ireland Dublin
98%
2,106,533 UAE Dubai
97%
7,033,076 Bangladesh Dhaka
95%
1,711,000 Syria Damascus
94%
1,450,000 Qatar Doha
93%
2,476,400 Senegal Dakar
92%
598,786 Germany Düsseldorf
92%
623,891 Djibouti Djibouti
91%
595,061 South Africa Durban
89%
1,197,816 USA Dallas
84%
4,364,541 Tanzania Dar es Salaam
84%
131,678 Australia Darwin
78%
151,212 France Dijon
73%
1,338,082 Cameroon Douala
62%
903,597 Saudi Arabia Dammam
47%
147,285 UK Dundee
45%
204,333 Hungary Debrecen
40%
116,200 New Zealand Dunedin
35%
1,449,296 Philippines Davao City
30%
7,271,300 China Dongguan
27%
No matching quizzes found
Score Distribution
Percent of People with Each Score
Percentile by Number Answered
Your Score History
You have not taken this quiz since the last reset